000 00221nam a2200097 a 4500
005 20140414132050.0
008 110330s19uu xx 00 eng d
050 _aP
_bWE
245 _aWe are the Filipinos.
999 _c114135
_d114135